Countries with D - Statistics

General Stats
  • This quiz has been taken 86 times
  • The average score is 43 of 50
Answer Stats
First Letter Answer % Correct
P Poland
97%
U United Kingdom
97%
D Democratic Republic of the {Congo}
95%
D Denmark
95%
D Dominican Republic
95%
F Finland
95%
N Netherlands
95%
D Dominica
94%
S Switzerland
94%
I Iceland
92%
I Indonesia
92%
U United States of America
92%
A Andorra
90%
I India
90%
J Jordan
90%
M Madagascar
90%
D Djibouti
89%
E Ecuador
89%
H Honduras
89%
R Rwanda
89%
S Sudan
89%
S Sweden
89%
T Thailand
89%
C Cambodia
87%
C Canada
87%
I Ireland
87%
N New Zealand
87%
S South Sudan
87%
U Uganda
87%
U United Arab Emirates
87%
S Saudi Arabia
86%
S Saint Vincent and the Grenadines
84%
A Antigua and Barbuda
83%
C Chad
83%
M Maldives
81%
S Saint Kitts and Nevis
81%
B Barbados
79%
F Federated States of {Micronesia}
79%
T Trinidad and Tobago
79%
M Moldova
78%
M Marshall Islands
76%
N North Macedonia
76%
S Solomon Islands
76%
E El Salvador
75%
B Burundi
73%
C Cape Verde
71%
G Grenada
71%
B Bosnia and Herzegovina
70%
B Bangladesh
68%
S Sao Tome and Principe
65%
No matching quizzes found
Score Distribution
Percent of People with Each Score
Percentile by Number Answered
Your Score History
You have not taken this quiz